Sure cure : (Record no. 124345)

MARC details
000 -LEADER
fixed length control field 00795nam a22002417a 4500
003 - CONTROL NUMBER IDENTIFIER
control field dpl
005 - DATE AND TIME OF LATEST TRANSACTION
control field 20190125131212.0
008 - FIXED-LENGTH DATA ELEMENTS--GENERAL INFORMATION
fixed length control field 180606b xxu||||| |||| 00| 0 eng d
010 ## - LIBRARY OF CONGRESS CONTROL NUMBER
LC control number B-216853
020 ## - INTERNATIONAL STANDARD BOOK NUMBER
Terms of availability 90.00
International Standard Book Number 8122503292
035 ## - SYSTEM CONTROL NUMBER
System control number B-216853, B-216859, B-216861
037 ## - SOURCE OF ACQUISITION
Source of stock number/acquisition Cen Lib/Ret
040 ## - CATALOGING SOURCE
Original cataloging agency DPL
Language of cataloging EN
Transcribing agency 0
082 ## - DEWEY DECIMAL CLASSIFICATION NUMBER
Classification number 615.53
Item number SRI
100 ## - MAIN ENTRY--PERSONAL NAME
Personal name Srivastava, H.P.
9 (RLIN) 10430
245 ## - TITLE STATEMENT
Title Sure cure :
Statement of responsibility, etc by H.P. Srivastava
Remainder of title for medical practitioners, students and those who are interested in homoeopathic treatment /
260 ## - PUBLICATION, DISTRIBUTION, ETC. (IMPRINT)
Place of publication, distribution, etc New Delhi
Name of publisher, distributor, etc Kitab Mahal
Date of publication, distribution, etc 2005
270 ## - ADDRESS
City New Delhi
Address Netaji Subhash Marg
Postal code 110002
300 ## - PHYSICAL DESCRIPTION
Extent xii,152p.
Dimensions 22cm(Hb)
650 ## - SUBJECT ADDED ENTRY--TOPICAL TERM
Topical term or geographic name as entry element Diet therapy
9 (RLIN) 10431
650 ## - SUBJECT ADDED ENTRY--TOPICAL TERM
Topical term or geographic name as entry element Medicine, Popular
9 (RLIN) 10432
942 ## - ADDED ENTRY ELEMENTS (KOHA)
Source of classification or shelving scheme Dewey Decimal Classification
Koha item type English Books
Classification part 615.53
Call number suffix SRI
Holdings
Withdrawn status Lost status Damaged status Not for loan Home library Current library Date acquired Source of acquisition Cost, normal purchase price Total Checkouts Full call number Barcode Date last seen Copy number Cost, replacement price Price effective from Koha item type Source of classification or shelving scheme Collection code
        Central Library Central Library 16/06/2015 Cen Lib/Ret 90.00   615.53 SRI B-216853 16/06/2015 1 90.00 16/06/2015 English Books    
        Shahdara Branch Shahdara Branch 06/06/2018 BPPD/PUB 90.00   615.53 SRI B-216859 06/06/2018   90.00 06/06/2018 English Books Dewey Decimal Classification Non-fiction
        Vigyan Vihar Vigyan Vihar 25/01/2019 BPPD/PUB 90.00   615.53 SRI B-216861 25/01/2019   90.00 25/01/2019 English Books Dewey Decimal Classification Non-fiction

© Delhi Public Library
Hit Counter
free hit counter